| 000 | 00772nam a22002297a 4500 | ||
|---|---|---|---|
| 003 | 0 | ||
| 005 | 20250107095515.0 | ||
| 008 | 250107b xxu||||| |||| 00| 0 eng d | ||
| 020 | _a9789815160673 | ||
| 050 |
_aHD 70 _b.H55 2024 |
||
| 100 |
_aHill, Charles W. _eauthor. |
||
| 245 |
_aStrategic management : _bTheory & cases : an integrated approach / _cCharles W. Hill ; Melissa A. Schilling. |
||
| 250 | _a14th ed. | ||
| 260 |
_aSingapore : _bCengage Learning Asia Pte Ltd., _c2024. |
||
| 300 |
_axxiii, various pagination : _bcol. ill. ; _c28 cm. |
||
| 504 | _aIncludes bibliographical references and index. | ||
| 650 | _aManagement. | ||
| 650 | _aStrategic planning. | ||
| 650 | _aBusiness planning. | ||
| 700 |
_aSchilling, Melissa A. _eauthor. |
||
| 942 |
_2lcc _cBK |
||
| 999 |
_c366892 _d366892 |
||